01636nam a22003377a 450000100040000000500170000402000300002102000180005104000230006905000250009208200240011710000190014124500490016026000350020930000450024449000410028950500080033052002360033852100200057452100200059465000760061465000840069065000670077465000810084170000280092290600450095094200150099599900130101095201450102395201300116871220240108142018.0 a9780737757910 (hardcover) a9780531289983 aDLCcDLCdDLCbeng00aTD427.P4bE9325 201100a363.738/2097983222 aBenoit, Peter 04aThe Exxon Valdez oil spill /cNoah Berlatsky aNew York :bScholastic,c2011. a48 pages :bcolor illustrations ;c22 cm0 aPerspectives on modern world history aU  aDescribes the 1989 oil spill caused by damage to the Exxon Valdez ship off the coast of Alaska, detailing the events leading up to the spill, how it affected the wildlife and environment of Alaska, and the spill's long term effect. a830 bLexile  aU bRaz-Plus  0aOil spillsxEnvironmental aspectszAlaskazPrince William Sound Region. 0aTankersxAccidentsxEnvironmental aspectszAlaskazPrince William Sound Region. 0aOil pollution of the seazAlaskazPrince William Sound Region. 0aOil pollution of rivers, harbors, etc.zAlaskazPrince William Sound Region.1 aBerlatsky, Noahceditor a7bcbccorignewd1eecipf20gy-gencatlg 2ddccBKn0 c712d712 00102ddc40708NFICa001b001cATKSNFd2023-07-03l1oBEN 363.738 TD427.P4pFISTK04794r2023-10-05 08:34:41s2023-09-13t1w2023-07-03yBK 00102ddc40708NFICa001b001cSNSd2023-07-03l0oBEN 363.738 TD427.P4pFISSE00804r2023-08-09 14:42:45t2w2023-07-03yBK